header

Brain and mind (Record no. 181637)

MARC details
000 -LEADER
fixed length control field 01462nam a2200373 a 4500
082 04 - DEWEY DECIMAL CLASSIFICATION NUMBER
Classification number 152
245 10 - TITLE STATEMENT
Title Brain and mind
260 ## - PUBLICATION, DISTRIBUTION, ETC. (IMPRINT)
Place of publication Amsterdam :
Name of publisher Excerpta Medica ;
Place of publication New York :
Name of publisher Elsevier/North-Holland,
Year of publication 1979.
300 ## - PHYSICAL DESCRIPTION
Number of Pages ix, 425 p. :
Other physical details ill.
490 1# - SERIES STATEMENT
Series statement Ciba Foundation symposium ;
650 #0 - SUBJECT ADDED ENTRY--TOPICAL TERM
Topical Term Brain
Topical Term Mind and body
Topical Term Neuropsychology
856 40 - ELECTRONIC LOCATION AND ACCESS
Uniform Resource Identifier http://site.ebrary.com/lib/rucke/Doc?id=10575472

No items available.

© 2026 Rongo University
Contact us: librarian | system librarian | Rongo university